|
|
|
|
| LEADER |
01406nam a2200325 a 4500 |
| 001 |
0017434 |
| 003 |
BD-DhAAL |
| 008 |
091025s2004 ii bg 001 0 eng d |
| 010 |
|
|
|a 2009311412
|
| 020 |
|
|
|a 8171771602
|
| 020 |
|
|
|a 9788171772193
|
| 040 |
|
|
|a DLC
|c DLC
|d DLC
|d BD-DhAAL
|
| 082 |
0 |
0 |
|a 346.5404380269
|2 22
|
| 100 |
1 |
|
|a Mogha, P. C.
|q (Phul Chand)
|9 58560
|
| 245 |
1 |
4 |
|a The Indian conveyancer /
|c by P.C. Mogha ; [edition updated by] M.C. Agarwal, G.C. Mogha.
|
| 246 |
1 |
8 |
|a Mogha's Indian conveyancer
|
| 250 |
|
|
|a Thirteenth edition.
|
| 260 |
|
|
|a Kolkata :
|b Eastern Law House,
|c c2004.
|
| 300 |
|
|
|a xxxi, 1001 p. ;
|c 25 cm
|
| 504 |
|
|
|a Includes bibliographical references and index.
|
| 526 |
|
|
|a SOL
|x Professor K Shamsuddin Mahmood
Professor and Dean
School of Law
BRAC University
|
| 541 |
1 |
|
|e 00017434
|a Anupam Gyan Bhandar
|
| 650 |
|
0 |
|a Conveyancing
|z India.
|9 882
|
| 650 |
|
0 |
|a Conveyancing
|z India
|v Forms.
|9 58561
|
| 700 |
1 |
|
|a Agarwal, M. C.
|9 58562
|
| 700 |
1 |
|
|a Mogha, G. C.
|9 58563
|
| 852 |
4 |
|
|a Ayesha Abed Library
|c General Stacks
|
| 942 |
|
|
|2 ddc
|c BK
|
| 999 |
|
|
|c 4819
|d 4819
|
| 952 |
|
|
|0 0
|1 0
|2 ddc
|4 0
|6 346_540438026900000_MOG_2004
|7 0
|9 4639
|a BRACUL
|b BRACUL
|c GEN
|d 2009-10-25
|e Anupam Gyan Bhandar
|g 1035.00
|l 12
|m 105
|o 346.5404380269 MOG
|p 3010017434
|r 2026-02-17
|s 2025-10-16
|t 1
|w 2009-10-25
|y BK
|x Requisitioned by Professor K Shamsuddin Mahmood (Professor and Dean), School of Law, BRAC University
|